| 000 | 01075nam a2200205 a 4500 | ||
|---|---|---|---|
| 008 | 180918t2021 ag a|||g||||| 001 1 spa d | ||
| 020 | _a9789878827056 | ||
| 041 | _aspa | ||
| 092 |
_c808 _l13 _sCOS |
||
| 100 | 1 |
_aCostantini, Pablo _93297 |
|
| 245 |
_aCuentos iniciales / _cPablo Costantini |
||
| 250 | _a1a ed. | ||
| 260 |
_aNeuquén: _bItinerarte; _c2021. |
||
| 300 |
_a226 p. _bil. _c21x15cm |
||
| 500 | _aCostantini, P. (2021). Cuentos iniciales. (1a ed.). Neuquén : Itinerarte. | ||
| 505 | _aSon cuentos de ficción de temática ecléctica. Es una selección de quince cuentos que fueron surgiendo mientras buscábamos (y aún buscamos) terminar una novela; son quince frutos de ejercitar lo estilístico, lo temático y, fundamentalmente, lo lúdico. En ese sentido, no quieren más que entretener y sólo aspiran a ser un buen comienzo. La inclusión de algunos temas de ficción clásicos fue inconsciente y sospecho que responden a una filogenia como lector. | ||
| 590 | _aDonación Abril 2025, Costantini, Pablo. | ||
| 655 |
_aCuentos _92945 |
||
| 942 |
_2ddc _cLIT |
||
| 999 |
_c3244 _d3244 |
||